Postoj spotrebiteľa k retro marketingu bakalárska práca

Gespeichert in:
Bibliographische Detailangaben
1. Verfasser: Hatala, Peter
Körperschaft: Obchodná fakulta EU. Katedra marketingu
Weitere Verfasser: Burzová, Simona, 1999-
Format: Buch
Sprache:Slowakisch
Veröffentlicht: Bratislava 2025
Tags: Tag hinzufügen
Keine Tags, Fügen Sie das erste Tag hinzu!

MARC

LEADER 00000nbm a2200000 4500
001 0311093
005 20251031124504.7
041 0 |a slo 
044 |a SK 
245 1 0 |a Postoj spotrebiteľa k retro marketingu  |b bakalárska práca  |c Peter Hatala ; školiteľ: Simona Burzová 
264 1 |a Bratislava  |c 2025 
300 |a 53 s. 
100 1 |a Hatala, Peter 
700 1 |a Burzová, Simona, 1999- 
710 2 |a Obchodná fakulta EU. Katedra marketingu